| 000 | 00746nam a2200217Ia 4500 | ||
|---|---|---|---|
| 003 | GCL | ||
| 008 | 140319s9999 xx 000 0 ara d | ||
| 040 |
_aGCL / _cGCL |
||
| 082 | 0 | 4 |
_a214 _bن ت |
| 100 | 1 | _aعبدالحى محمد قابيل | |
| 245 | 1 | 0 |
_aالتمهيد فى اصول الدين / _cعبدالحى محمد قابيل |
| 700 | 1 | _aالنفسى، ابوالمعين ميمون بن محمد، 1207- 1115 م | |
| 260 |
_aالقاهرة : _bدار الثقافة العربية ، _c1987 |
||
| 300 |
_a148 ص ؛ _c24 سم |
||
| 490 |
_aنفائس التراث الاسلامى _v3 |
||
| 650 | 0 | 4 | _aالاسلام |
| 650 | 0 | 4 | _aالوحدانية |
| 650 | 0 | 4 | _aالله |
| 650 | 0 | 4 | _aاصول الدين |
| 942 |
_2ddc _cBK |
||
| 999 |
_c41615 _d41615 |
||